01048cam a22002291 4500001000400000003000800004005001700012008003900029035001700068040002800085041000800113082002400121245005400145260004000199300003100239500013000270505025700400650005000657650004200707650003900749710003000788835BD-RjUL20211208233233.0131123s1965 dcua 100 0 eng a(BD-RjUL)857 aDLCcDLCd(BD-RjULbeng aeng00a029.7221bLIB 196510aLibrary planning for automation /cEd. Allen,Kent aWashington:bSpartan Books,c[1965] aix, 195 p.billus,c24 cm. a"Based on the proceedings of a conference held at the University of Pittsburgh, June 2-3, 1964." Includes the working papers.2 aA proposed national science library system, by S. L. Warren.--Microphotography of source documents for the proposed national science library system, by S. B. Freedman.--The influence of automation on the design of a university library, by A. D. Osborn. 0aScientific librariesxAutomationxCongresses. 0aPeriodicals on microfilmxCongresses. 0aLibrariesxAutomationxCongresses.2 aUniversity of Pittsburgh.